| 000 | 01495nam a2200469 i 4500 | ||
|---|---|---|---|
| 001 | 21355 | ||
| 003 | CZ PrNK | ||
| 005 | 20260227151424.0 | ||
| 007 | ta | ||
| 008 | 150721s2015 xr a a 000 1 slo | ||
| 015 | _acnb002720826 | ||
| 020 |
_a9788025233634 _q(vázáno) |
||
| 035 | _a(OCoLC)920663488 | ||
| 040 |
_aOLA001 _bcze _dABA001 _erda |
||
| 072 | 7 |
_a821-93 _xLiteratura pro děti a mládež (beletrie) _2Konspekt |
|
| 080 |
_a821-93 _2MRF |
||
| 080 |
_a(076.1) _2MRF |
||
| 245 | 0 | 0 | _aVčielka Maja |
| 246 | 3 | _aVčielka Maja - knižka na celý rok | |
| 246 | 1 | 8 | _aKnižka na celý rok |
| 250 | _aPrvé vydanie | ||
| 264 | 1 |
_aPraha : _bEgmont Publishing, _c[2015] |
|
| 300 |
_a63 stran : _bilustrace (převážně barevné) ; _c30 cm |
||
| 336 |
_atext _btxt _2rdacontent |
||
| 336 |
_astatický obraz _bsti _2rdacontent |
||
| 337 |
_abez média _bn _2rdamedia |
||
| 338 |
_asvazek _bnc _2rdacarrier |
||
| 490 | 1 | _aVčielka Maja | |
| 500 | _aNa základě knížek Waldemara Bonselse Včielka Maja | ||
| 500 | _aNa obálce pod názvem: Studio 100 | ||
| 521 | 8 | _aNevhodné pro děti do 3 let | |
| 655 | 7 |
_apracovní sešity _2czenas |
|
| 655 | 7 |
_apublikace pro děti _2czenas |
|
| 655 | 9 |
_aactivity books _2eczenas |
|
| 655 | 9 |
_achildren's literature _2eczenas |
|
| 700 | 1 |
_aBonsels, Waldemar, _d1880-1952 _4ant |
|
| 710 | 2 |
_aStudio 100 _4oth |
|
| 830 | 0 | _aVčielka Maja | |
| 901 |
_b9788025233634 _f1. vydanie _o20150807 |
||
| 910 | _aABA001 | ||
| 942 |
_2ddc _cKLDE _n0 |
||
| 999 |
_c21355 _d21355 |
||